<?xml version="1.0" encoding="UTF-8"?>
<collection xmlns="http://www.loc.gov/MARC21/slim">
 <record>
  <leader>06707nam a2200373 a 4500</leader>
  <controlfield tag="001">kal3561</controlfield>
  <controlfield tag="003">Gr-AtHEAL</controlfield>
  <controlfield tag="005">20160427122656.0</controlfield>
  <controlfield tag="006">m        d        </controlfield>
  <controlfield tag="008">160413s2015    gr      s           gre|c</controlfield>
  <datafield tag="020" ind1=" " ind2=" ">
   <subfield code="a">9789606031700</subfield>
  </datafield>
  <datafield tag="040" ind1=" " ind2=" ">
   <subfield code="a">GR-AtHEAL</subfield>
   <subfield code="b">gre</subfield>
   <subfield code="c">GR-AtHEAL</subfield>
  </datafield>
  <datafield tag="082" ind1="0" ind2="4">
   <subfield code="a">388</subfield>
   <subfield code="2">23</subfield>
  </datafield>
  <datafield tag="100" ind1="1" ind2=" ">
   <subfield code="a">Τυρινόπουλος, Ιωάννης.</subfield>
   <subfield code="8">1860</subfield>
  </datafield>
  <datafield tag="245" ind1="1" ind2="0">
   <subfield code="a">Αξιολόγηση και έλεγχος ποιότητας συγκοινωνιακών συστημάτων και υπηρεσιών</subfield>
   <subfield code="h">[Ηλεκτρονικός πόρος] </subfield>
   <subfield code="c">Τυρινόπουλος, Ιωάννης ; Κεπαπτσόγλου, Κωνσταντίνος ; Κριτικός αναγνώστης,Αντωνίου, Κωνσταντίνος ; Γλωσσική επιμέλεια,Τσιάμης, Βασίλειος.</subfield>
  </datafield>
  <datafield tag="260" ind1=" " ind2=" ">
   <subfield code="a">Αθήνα :</subfield>
   <subfield code="b">Σύνδεσμος Ελληνικών Ακαδημαϊκών Βιβλιοθηκών,</subfield>
   <subfield code="c">c2015.</subfield>
  </datafield>
  <datafield tag="490" ind1=" " ind2=" ">
   <subfield code="a">Ακαδημαϊκά Ηλεκτρονικά Συγγράμματα και Βοηθήματα Κάλλιπος</subfield>
   <subfield code="8">40</subfield>
  </datafield>
  <datafield tag="520" ind1=" " ind2=" ">
   <subfield code="a">Το βιβλίο περιλαμβάνει ένα ολοκληρωμένο μεθοδολογικό πλαίσιο (συμπεριλαμβανομένων και εφαρμογών) για την αξιολόγηση της απόδοσης συστημάτων αστικών συγκοινωνιών και τον έλεγχο της ποιότητας των παρεχόμενων συγκοινωνιακών υπηρεσιών. Αρχικά γίνεται μια αναλυτική παρουσίαση του αντικειμένου που καλύπτει το βιβλίο και της αναγκαιότητας της διαδικασίας αξιολόγησης και της συμβολής της στη βελτίωση των υπηρεσιών που παρέχονται στους επιβάτες. Παρουσιάζονται συνοπτικά οι διεθνείς τάσεις και ενδεικτικές εφαρμογές. Το κύριο μέρος του βιβλίου περιλαμβάνει την μεθοδολογία και διακρίνεται σε δύο μεγάλες ενότητες: η πρώτη αφορά στην ποσοτική αξιολόγηση της απόδοσης και αποτελεσματικότητας των συστημάτων μαζικών αστικών μεταφορών και η δεύτερη στον έλεγχο της ποιότητας των συγκοινωνιακών υπηρεσιών. Και οι δύο ενότητες περιλαμβάνουν μεθόδους και τεχνικές συλλογής και ανάλυσης στοιχείων, καθώς και παραδείγματα από την εφαρμογή παρόμοιων μεθοδολογιών στην Ελλάδα. Το τελευταίο κεφάλαιο περιλαμβάνει πρόσθετα θέματα σχετικά με την αξιολόγηση και τον έλεγχο ποιότητας συγκοινωνιακών συστημάτων και υπηρεσιών, όπως συμβάσεις ανάθεσης έργου βάσει απόδοσης, αξιοποίηση νέων τεχνολογιών στην αξιολόγηση, και οφέλη από την εφαρμογή της. Το βιβλίο θα δομηθεί και θα οργανωθεί με τέτοιο τρόπο έτσι ώστε να παρακολουθεί τη διδακτική διαδικασία και θεματολογία των μαθημάτων που πρόκειται να εφαρμοστεί. Ειδικότερα, η εισαγωγή του βιβλίου στοχεύει στην εξοικείωση των φοιτητών στο αντικείμενο μέσω της απλής παρουσίασής του, της αναγκαιότητάς του και παραδειγμάτων. Στη συνέχεια, οι δύο μεθοδολογίες θα παρουσιαστούν με τρόπο αναλυτικό και κατανοητό με τη χρήση διαγραμμάτων και πινάκων, ενώ τα παραδείγματα από την Ελλάδα θα συμβάλουν σε πρακτικές εφαρμογές και ασκήσεις που θα λάβουν χώρα κατά τη διάρκεια των μαθημάτων. Τέλος, τα πρόσθετα ειδικά θέματα του τελευταίου κεφαλαίου θα ολοκληρώσουν τις γνώσεις των φοιτητών στο αντικείμενο της αξιολόγησης και θα συμβάλλουν στην εκπόνηση σχετικών πτυχιακών εργασιών.</subfield>
  </datafield>
  <datafield tag="650" ind1=" " ind2="0">
   <subfield code="a">Transportation and state</subfield>
   <subfield code="8">2681</subfield>
  </datafield>
  <datafield tag="653" ind1=" " ind2=" ">
   <subfield code="a">Αξιολόγηση απόδοσης</subfield>
  </datafield>
  <datafield tag="653" ind1=" " ind2=" ">
   <subfield code="a">Έλεγχος ποιότητας</subfield>
  </datafield>
  <datafield tag="653" ind1=" " ind2=" ">
   <subfield code="a">Αστικές συγκοινωνίες</subfield>
  </datafield>
  <datafield tag="653" ind1=" " ind2=" ">
   <subfield code="a">Τεχνολογία και επιστήμες μηχανικών</subfield>
   <subfield code="a">Μεταφορές και τεχνολογία μεταφορικών μέσων</subfield>
   <subfield code="a">Σιδηροδρομικές μεταφορές</subfield>
  </datafield>
  <datafield tag="653" ind1=" " ind2=" ">
   <subfield code="a">Τεχνολογία και επιστήμες μηχανικών</subfield>
   <subfield code="a">Μεταφορές και τεχνολογία μεταφορικών μέσων</subfield>
   <subfield code="a">Συνδυασμένα μεταφορικά μέσα</subfield>
  </datafield>
  <datafield tag="653" ind1=" " ind2=" ">
   <subfield code="a">Τεχνολογία και επιστήμες μηχανικών</subfield>
   <subfield code="a">Μεταφορές και τεχνολογία μεταφορικών μέσων</subfield>
   <subfield code="a">Συγκοινωνιακή ανάλυση</subfield>
  </datafield>
  <datafield tag="653" ind1=" " ind2=" ">
   <subfield code="a">Τεχνολογία και επιστήμες μηχανικών</subfield>
   <subfield code="a">Μεταφορές και τεχνολογία μεταφορικών μέσων</subfield>
   <subfield code="a">Λεωφορεία, φορτηγά, νταλίκες</subfield>
  </datafield>
  <datafield tag="653" ind1=" " ind2=" ">
   <subfield code="a">Τεχνολογία και επιστήμες μηχανικών</subfield>
   <subfield code="a">Μεταφορές και τεχνολογία μεταφορικών μέσων</subfield>
   <subfield code="a">Συστήματα αστικών συγκοινωνιών</subfield>
  </datafield>
  <datafield tag="700" ind1="1" ind2=" ">
   <subfield code="a">Κεπαπτσόγλου, Κωνσταντίνος</subfield>
   <subfield code="e">Συγγραφέας</subfield>
   <subfield code="8">1861</subfield>
  </datafield>
  <datafield tag="700" ind1="1" ind2=" ">
   <subfield code="a">Αντωνίου, Κωνσταντίνος</subfield>
   <subfield code="e">Κριτικός αναγνώστης</subfield>
   <subfield code="8">1862</subfield>
  </datafield>
  <datafield tag="856" ind1="4" ind2="0">
   <subfield code="u">http://hdl.handle.net/11419/3561</subfield>
   <subfield code="z">Πλήρες Κείμενο - Full text</subfield>
  </datafield>
  <datafield tag="907" ind1=" " ind2=" ">
   <subfield code="a">.b25678255</subfield>
   <subfield code="b">12-06-18</subfield>
   <subfield code="c">29-07-16</subfield>
  </datafield>
  <datafield tag="949" ind1=" " ind2=" ">
   <subfield code="0">0</subfield>
   <subfield code="1">0</subfield>
   <subfield code="2">ddc</subfield>
   <subfield code="4">0</subfield>
   <subfield code="6">388_000000000000000_ΤΥΡ</subfield>
   <subfield code="7">0</subfield>
   <subfield code="8">KALL</subfield>
   <subfield code="8">584</subfield>
   <subfield code="d">2016-04-13</subfield>
   <subfield code="r">2016-04-13</subfield>
   <subfield code="w">2016-04-13</subfield>
   <subfield code="z">388 ΤΥΡ</subfield>
   <subfield code="o">SEAB KALLIPOS</subfield>
  </datafield>
  <datafield tag="998" ind1=" " ind2=" ">
   <subfield code="a">80</subfield>
   <subfield code="a">01</subfield>
   <subfield code="a">02</subfield>
   <subfield code="a">03</subfield>
   <subfield code="a">04</subfield>
   <subfield code="a">05</subfield>
   <subfield code="a">06</subfield>
   <subfield code="a">07</subfield>
   <subfield code="a">08</subfield>
   <subfield code="a">09</subfield>
   <subfield code="a">10</subfield>
   <subfield code="a">11</subfield>
   <subfield code="a">12</subfield>
   <subfield code="a">13</subfield>
   <subfield code="a">14</subfield>
   <subfield code="a">15</subfield>
   <subfield code="a">16</subfield>
   <subfield code="a">17</subfield>
   <subfield code="a">18</subfield>
   <subfield code="a">19</subfield>
   <subfield code="a">20</subfield>
   <subfield code="a">21</subfield>
   <subfield code="a">22</subfield>
   <subfield code="a">23</subfield>
   <subfield code="a">24</subfield>
   <subfield code="a">25</subfield>
   <subfield code="a">26</subfield>
   <subfield code="b">11-05-17</subfield>
   <subfield code="c">m</subfield>
   <subfield code="d">z  </subfield>
   <subfield code="e">-</subfield>
   <subfield code="f">gre</subfield>
   <subfield code="g">gr </subfield>
   <subfield code="h">0</subfield>
  </datafield>
  <datafield tag="942" ind1=" " ind2=" ">
   <subfield code="2">ddc</subfield>
   <subfield code="c">KALLIPOS</subfield>
  </datafield>
 </record>
</collection>
